Sagome di Stati con bandiere #6 - Statistics

Statistiche generali
  • Questo quiz è stato fatto 2.699 volte
  • Il punteggio medio è 13 su 16
Statistiche sulle risposte
con Immagini Risposta % Corretto
Islanda
99%
Svizzera
99%
Polonia
95%
Tunisia
92%
Giappone
91%
Vietnam
91%
Bosnia ed Erzegovina
90%
Cuba
90%
Costa d'Avorio
86%
Azerbaigian
81%
Corea del Sud
80%
St. Lucia
68%
Mozambico
67%
Gambia
60%
Dominica
59%
Vanuatu
42%
Nessun quiz corrispondente trovato
Distribuzione punteggi
Percentuale di utenti per punteggio
Percentile per numero di risposta
I tuoi punteggi nel tempo
Non hai fatto questo quiz